| 000 | 01312nam a2200277 a 4500 | ||
|---|---|---|---|
| 003 | OSt | ||
| 005 | 20250923085630.0 | ||
| 007 | cr ||||||a|c|a | ||
| 008 | 230823s2023 mx a|||fom||| 001 0 spa d | ||
| 040 | _erda | ||
| 100 | 1 |
_9187739 _aHernández Pérez, Guadalupe Concepción |
|
| 245 | 1 | 0 |
_aAnálisis de experiencias de productores en el programa producción para el bienestar : _bestudio de caso en San Miguel Tocuila, Estado de México / _cpor Guadalupe Concepción Hernández Pérez; director de tesis Rita Schwentesius Rinderman |
| 264 | 1 |
_aChapingo, México : _bEl autor, _c2023. |
|
| 300 |
_a1 recurso en línea (101 páginas): _bcuadros, figuras. |
||
| 336 |
_2rdacontent _atexto _btxt |
||
| 337 |
_2rdamedia _acomputadora _bc |
||
| 338 |
_2rdacarrier _arecurso en línea _bcr |
||
| 502 |
_cCentros Regionales _d2023. _gLIC _bIAS |
||
| 504 | _aIncluye referencias bibliográficas: páginas 70-76. | ||
| 650 | 2 |
_aProgramas de desarrollo _xEvaluación _9133614 |
|
| 650 | 4 |
_9103673 _aSeguridad alimentaria |
|
| 650 | 4 |
_990387 _aPolítica agrícola _zMéxico (Edo.) |
|
| 700 | 1 |
_aSchwentesius Rinderman, Rita _eDirector de tesis. _9151302 |
|
| 856 |
_uhttp://10.13.5.2/tesis/tl/1711186-9_Hernandez_Perez_Guadalupe_Concepcion.pdf _zDESCARGAR PDF |
||
| 942 |
_2Clasificación Universidad Autónoma Chapingo _cTD |
||
| 999 |
_c219098 _d219098 |
||